|
|
|
|
| LEADER |
01143nab#a2200325#ar4500 |
| 001 |
000000135 |
| 003 |
SVKKK |
| 005 |
00000000000000.0 |
| 008 |
c xo e czeo |
| FMT |
|
|
|
| 038 |
|
|
|a SVKKK
|
| 040 |
|
|
|a SVKKK
|b slo
|e AACR2
|
| 041 |
0 |
|
|a cze
|
| 044 |
|
|
|a xo
|c SK
|
| 080 |
|
|
|a 552.
|2 1981
|
| 100 |
1 |
|
|a Fediuk, Ferry
|4 aut
|
| 242 |
1 |
0 |
|a M. Gregerová, M. Suk: Návrh k názvosloviu a klasifikácii metamorfovaných hornín
|
| 245 |
1 |
0 |
|a M. Gregerová, M. Suk: Návrh k pojmenování a klasifikaci metamorfovaných hornin
|c Fediuk Ferry,
|
| 650 |
0 |
4 |
|a geológia
|
| 650 |
0 |
4 |
|a horniny metamorfované
|x recenzie knižné
|
| 650 |
0 |
4 |
|a petrológia
|
| 773 |
0 |
|
|t Journal of Czech Geological Society
|x 0888-7378
|g Roč. 38, č. 1-2(1993), s. 30
|
| 787 |
0 |
8 |
|i Recenze na:
|a Gregerová, M.
|t Návrh k pojmenování a klasifikaci metamorfovaných hornin
|d Praha : Gabriel, 1991
|x 0888-7378
|
| 787 |
0 |
8 |
|i Recenze na:
|a Suk, M.
|t Návrh k pojmenování a klasifikaci metamorfovaných hornin
|d Praha : Gabriel, 1991
|
| 958 |
|
|
|a NP
|
| 974 |
|
|
|d 940504
|a 245/102
|
| 992 |
|
|
|a RBX
|
| BAS |
|
|
|
| 852 |
|
|
|a SVKKK
|b BIB
|
| 998 |
|
|
|a GEO
|